Harry Potter: le Sortilège d'Allumage de baguette - Statistiques

Statistiques générales
  • Ce quiz a été pris 57 fois
  • Le résultat moyen est 7 sur 9
Statistiques - réponses
Information Réponses % Correct
Formule Lumos
100%
Sort inverse Nox
98%
Effet Allume le bout de la baguette
91%
Dernière apparition Harry Potter et les Reliques de la Mort
91%
Première apparition Harry Potter et la Chambre des Secrets
87%
Variante Lumos Maxima
79%
Type de sort Enchantement
55%
Variante Lumos Solem
43%
Variante Lumos Duo
11%
Aucun quiz correspondant
Distribution des résultats
% des personnes avec chaque résultat
Percentile par nombre de réponses
Votre historique - résultats
Vous n’avez pas pris ce quiz